| 000 | 00831nam a22002777a 4500 | ||
|---|---|---|---|
| 001 | 0000802 | ||
| 003 | KOHA_MİRAKIL | ||
| 005 | 20260207001220.0 | ||
| 007 | ta | ||
| 008 | 110322b tu |||gr||||#||||0|tur | | ||
| 020 |
_a9755560068 _cYTL23,29 |
||
| 040 |
_aTR-BiSEU _btur _cTR-BiSEU _erda |
||
| 041 | 0 | _atur | |
| 044 | _ctu | ||
| 050 |
_aQC522 _b.P87 [t.y.] |
||
| 100 | 1 | _aPurcell, Edward M.. | |
| 245 | 1 |
_aElektrik ve magnetizma : _bBerkeley fizik dersleri/ _cEdward M. Purcell ; Edward M. Purcell; çevirenlerTahsin Nuri Durlu, Yalçın Elerman. |
|
| 264 | 1 |
_aAnkara : _bBilim Yayınları _c[t.y.] |
|
| 300 | _a c. | ||
| 336 |
_ametin _btxt _2rdacontent |
||
| 337 |
_aaracısız _bn _2rdamedia |
||
| 338 |
_acilt _bnc _2rdacarrier |
||
| 500 | _aDizin var. | ||
| 650 | 0 |
_aElektrik--Magnetizma. _93333 |
|
| 942 |
_2lcc _cBK |
||
| 999 |
_c797 _d797 |
||